| 000 | 00586nam a22002417a 4500 | ||
|---|---|---|---|
| 003 | UA-OsUOA | ||
| 001 | 20238 | ||
| 007 | ta | ||
| 008 | 20030918b un ||||| |||| 00| 0 ukr d | ||
| 100 | _aОттов М. | ||
| 090 | _bО-874 | ||
| 942 | _cBK | ||
| 040 |
_aUA-OsUOA _bukr _cUA-OsUOA _dUA-OsUOA |
||
| 245 |
_a...І благословен буде... _bПовість |
||
| 300 | _a197 с. | ||
| 955 | _a0 | ||
| 041 | _aukr | ||
| 020 | _a966-96174-3-Х | ||
| 591 | _a84(4Укр)6 | ||
| 260 |
_aРівне _c2003 |
||
| 044 | _aUA | ||
| 650 | 7 |
_aКраєзнавча робота _2UDC |
|
| 999 |
_c306411 _d306411 |
||